00925cam a22002291 450000100060000000300080000600500170001400800390003103500190007003500190008904000420010804100080015008200160015810000350017424502200020926000580042930000310048761000220051865000530054070000480059370000540064123281BD-RjUL20211209000919.0140310s1962 xx 001 0 eng a(BD-RjUL)23346 a(OCoLC)1329303 aDLCcFOdOCoLCdUkdDLCdBD-RjULbeng aeng a910.41bBAR1 aBassett, Marnie Masson,d1889-10aRealms and islands:bthe world voyage of Rose de Freycinet in the corvette Uranie, 1817-1820,from her journal and letters and the reports of Louis de Saulces de Freycinet, capitaine de corvette /cby Marnie Bassett. aLondon ;aNew York :bOxford University Press,c1962. a275 p. :billus. ;c23 cm.20aUranie (Corvette) 0aVoyages around the worldxHistoryy19th century.1 aFreycinet, Rose Marie Pinon de,d1794-1832.1 aFreycinet, Louis Claude Desaulses de,d1779-1842.